| 000 | 01629nam a2200397 i 4500 | ||
|---|---|---|---|
| 001 | ebr10879014 | ||
| 003 | CaPaEBR | ||
| 006 | m o d | ||
| 007 | cr cn||||||||| | ||
| 008 | 090609r20092002ke ob 000 0 eng|d | ||
| 020 | _z996672379X | ||
| 020 | _z9789966723796 | ||
| 020 | _a9789966031990 (e-book) | ||
| 040 |
_aCaPaEBR _beng _erda _epn _cCaPaEBR |
||
| 035 | _a(OCoLC)881417028 | ||
| 043 | _af-ke--- | ||
| 050 | 1 | 4 |
_aKSK552.A473 _bF36 2009eb |
| 245 | 0 | 0 |
_aFamily law digest : _bmatrimonial property / _cgeneral editor, Charles Kanjama, assistant editor, Katarina Juma. |
| 264 | 1 |
_aNairobi : _bLawAfrica, _c2009. |
|
| 300 | _a1 online resource (254 pages) | ||
| 336 |
_atext _2rdacontent |
||
| 337 |
_acomputer _2rdamedia |
||
| 338 |
_aonline resource _2rdacarrier |
||
| 500 | _aOriginally published: 2002. | ||
| 504 | _aIncludes bibliographical references. | ||
| 588 | _aDescription based on print version record. | ||
| 590 | _aElectronic reproduction. Palo Alto, Calif. : ebrary, 2014. Available via World Wide Web. Access may be limited to ebrary affiliated libraries. | ||
| 650 | 0 |
_aMarital property _zKenya _vDigests. |
|
| 650 | 0 |
_aWomen's rights _zKenya _vDigests. |
|
| 655 | 0 | _aElectronic books. | |
| 700 | 1 |
_aKanjama, Charles, _eeditor. |
|
| 700 | 1 |
_aJuma, Katarina, _eeditor. |
|
| 776 | 0 | 8 |
_iPrint version: _tFamily law digest : matrimonial property. _dNairobi : LawAfrica, 2009 _hxvii, 234 pages ; 21 cm _z9789966723796 _w(DLC)10879014 |
| 797 | 2 | _aebrary. | |
| 856 | 4 | 0 |
_uhttp://site.ebrary.com/lib/rucke/Doc?id=10879014 _zAn electronic book accessible through the World Wide Web; click to view |
| 999 |
_c46942 _d46942 |
||